| 000 | 00537nam a22002177a 4500 | ||
|---|---|---|---|
| 999 |
_c6600 _d6600 |
||
| 001 | 6600 | ||
| 003 | BD-JhCC | ||
| 005 | 20180130101902.0 | ||
| 008 | 180127b xxu||||| |||| 00| 0 eng d | ||
| 035 | _a(BD-JhCC)6600 | ||
| 040 |
_aBD-JhCC _dBD-JhCC |
||
| 041 | _aeng | ||
| 082 |
_a693.1 _bKRE 1982 |
||
| 100 | _aKreh, R. T. | ||
| 245 |
_aMasonry Skills / _c R. T. Kreh Sr, |
||
| 260 |
_aNew York : _bDelmar Publishers Inc. _c1982. |
||
| 300 |
_a328 p. : _bills; _c26 cm. |
||
| 650 | _aMasonry | ||
| 942 |
_2ddc _cBK |
||